The JCT Minor Building Works Form of Contract (Record no. 103743)

MARC details
000 -LEADER
fixed length control field 01343cam a2200253 4500
001 - CONTROL NUMBER
control field ##L127336
008 - FIXED-LENGTH DATA ELEMENTS--GENERAL INFORMATION
fixed length control field 040913n2004 000 0 eng u
020 ## - INTERNATIONAL STANDARD BOOK NUMBER
International Standard Book Number 1405115238
035 ## - SYSTEM CONTROL NUMBER
System control number (Sirsi) u127336
041 0# - LANGUAGE CODE
Language code of text/sound track or separate title eng
050 04 - LIBRARY OF CONGRESS CALL NUMBER
Classification number 692.8 $2 18
100 1# - MAIN ENTRY--PERSONAL NAME
Personal name Chappell, David
245 04 - TITLE STATEMENT
Title The JCT Minor Building Works Form of Contract
250 ## - EDITION STATEMENT
Edition statement 3rd ed.
260 ## - PUBLICATION, DISTRIBUTION, ETC.
Place of publication, distribution, etc. Oxford
Name of publisher, distributor, etc. Blackwell
Date of publication, distribution, etc. 2004
300 ## - PHYSICAL DESCRIPTION
Extent x, 238p.
Dimensions 25cm.
350 ## - PRICE (NR) (BK AM CF MU VM SE) [OBSOLETE]
Price 44.99
520 ## - SUMMARY, ETC.
Summary, etc. The third edition of this standard text has been revised to cover the 1998 edition of the JCT Agreement for Minor Works (MW 1998). It also takes account of the Housing Grants, Construction and Regeneration Act 1996, the latest RIBA terms of engagement and new case law. Chapters cover: the purpose and use of MW 1998; contract comparisons; contract documents and insurance; the duties and roles of the architect, contractor, employer, quantity surveyor, clerk of works, subcontractors and suppliers; possession, completion and defects liability; claims; payment; determination; and dispute resolution.
520 ## - SUMMARY, ETC.
Summary, etc. Supersedes second edition (ISBN 0632039671).
650 24 - SUBJECT ADDED ENTRY--TOPICAL TERM
Topical term or geographic name entry element JCT MINOR WORKS AGREEMENT 1998
690 ## - LOCAL SUBJECT ADDED ENTRY--TOPICAL TERM (OCLC, RLIN)
Topical term or geographic name as entry element BUILT ENVIRONMENT-BUILDING CONTRACT FORMS-STANDARD FORMS OF BUILDING CONTRACT-JOINT CONTRACTS TRIBUNAL CONTRACTS
942 ## - ADDED ENTRY ELEMENTS (KOHA)
Suppress in OPAC 0
Holdings
Withdrawn status Lost status Source of classification or shelving scheme Damaged status Not for loan Home library Current library Shelving location Date acquired Cost, normal purchase price Total Checkouts Full call number Barcode Date last seen Date last checked out Copy number Cost, replacement price Price effective from Koha item type
    Dewey Decimal Classification     London London Books 21/09/2004 42.50 32 692.8 CHA 30069524 06/08/2019 05/11/2009 1 42.50 06/08/2019 Book
    Dewey Decimal Classification     London London Books 24/03/2005 36.12 20 692.8 CHA 30066119 06/08/2019 16/10/2007 2 36.12 06/08/2019 Book